Vidas de españoles célebres

Bewaard in:
Bibliografische gegevens
Hoofdauteur: Quintana, M. J (Auteur)
Formaat: Boek
Taal:Spaans
Gepubliceerd in: Madrid Calpe 1922
Onderwerpen:
Tags: Voeg label toe
Geen labels, Wees de eerste die dit record labelt!

MARC

LEADER 00000nam a2200000 a 4500
001 UCQ7223
003 CL-VaPUC
008 981031e19220000SP |||||||||||||||||spa|d
082 0 4 |a 920.046  |b QUI  |2 21 
100 0 |a Quintana, M. J  |e author  |9 421096 
245 1 0 |a Vidas de españoles célebres 
300 |a 5 v 
942 |c BK 
945 |d 19981031 00:00:00  |a crobeson 
260 |a Madrid  |b Calpe  |c 1922 
500 |a v.1: El Cid. Guzmán el Bueno. Roger de Lauria: El príncipe de Viana 
500 |a v.4: Don Alvaro de Luna 
500 |a v.5: Fray Bartolomé de las Casas 
650 0 |a Biografías  |9 255210 
650 0 |a Escritores españoles  |9 318145 
650 7 |a POLITICOS ESPAÑOLES  |2 CL-VaPUC  |9 421097 
651 0 |a España  |9 254926 
583 |a last modification  |c 19981031 00:00:00  |k Rodrigo Vera 
999 |c 276980  |d 276978 
952 |0 0  |1 0  |4 0  |6 920_046000000000000_QUI_1922  |7 0  |8 A  |9 314626  |a BIBEDU  |b BIBEDU  |d 2019-11-20  |h v.1  |i 1487760  |o 920.046 QUI 1922  |p 1487760  |r 2019-11-20  |w 2019-11-20  |y BK  |k LIT 
952 |0 0  |1 0  |4 0  |6 920_046000000000000_QUI_1922  |7 0  |8 A  |9 314627  |a BIBEDU  |b BIBEDU  |d 2019-11-20  |h v.4  |i 1487779  |o 920.046 QUI 1922  |p 1487779  |r 2019-11-20  |w 2019-11-20  |y BK  |k LIT 
952 |0 0  |1 0  |4 0  |6 920_046000000000000_QUI_1922  |7 0  |8 A  |9 314628  |a BIBEDU  |b BIBEDU  |d 2019-11-20  |h v.5  |i 1487787  |o 920.046 QUI 1922  |p 1487787  |r 2019-11-20  |w 2019-11-20  |y BK  |k LIT